| 000 | 01443nam0a2200361 4500 | ||
|---|---|---|---|
| 001 | RU\NLR\bibl\1432704 | ||
| 005 | 20250615222114.0 | ||
| 021 |
_aRU _b2009-72276 _94489 |
||
| 035 | _a(NLR Aleph) 001424608 | ||
| 090 |
_a1364196 _c1364196 |
||
| 100 | _a20091102d2009 |||y0rusy50 ca | ||
| 101 | 0 | _arus | |
| 102 | _aRU | ||
| 105 | _aabch||||||||| | ||
| 200 | 1 |
_aЩелковский край. Городское поселение Монино _fГ.А. Чехерева |
|
| 205 | _a2-е изд., доп. | ||
| 210 |
_aЩелково _cБиблиотека журнала "Щелково" _d2009 |
||
| 215 |
_a335, [1] c. _cил., цв. ил., факс., портр., карт. _d31 |
||
| 225 | 1 | _aСерия "Библиотека журнала "Щелково" | |
| 300 | _aЗагл. обл.: Городское поселение Монино | ||
| 300 | _aНа обл. авт. не указан | ||
| 320 | _aБиблиогр. в конце кн. | ||
| 512 | 1 | _aГородское поселение Монино | |
| 607 |
_aМонино, поселок городского типа (Московская область) _92544431 _3RU\NLR\auth\661506085 |
||
| 686 | _aТ3(2Р-4Мо) | ||
| 686 | _aЦ715 | ||
| 700 | 1 |
_aЧехерева _bГ. А. _gГалина Алексеевна _4070 |
|
| 801 | 0 |
_aRU _bNLR _c20091102 _gRCR |
|
| 801 | 1 |
_aRU _bNLR _c20091102 |
|
| 942 | _cBOOK | ||
| 980 | _aNB | ||
| 980 | _aNBR | ||